[Event "FIDE World Cup 2017"]
[Site "Tbilisi"]
[Date "2017.09.05"]
[Round "1.3"]
[White "Karjakin, Sergey"]
[Black "Smirnov, Anton"]
[Result "1-0"]
[WhiteElo "2780"]
[BlackElo "2508"]
[Annotator "TA"]
[PlyCount "105"]
[EventDate "2017.??.??"]
[EventType "k.o."]
[EventCountry "GEO"]
[SourceTitle "playchess.com"]
[Source "ChessBase"]
[SourceQuality "1"]

{[%evp 23,105,16,59,12,20,19,14,12,14,15,31,6,6,0,4,0,0,0,0,0,0,0,13,0,14,0,11,0,0,3,15,12,21,10,34,38,44,45,46,66,220,209,234,231,237,233,270,235,214,191,187,162,253,162,293,261,353,346,462,455,584,584,571,557,556,553,545,534,508,518,475,420,474,481,481,460,1620,1608,1651,738,29984,29985,29985,29986]} 1. e4 e5 2. Nf3 Nf6 3. Nxe5 d6 4. Nf3 Nxe4 5. d4 d5 6. Bd3 Bd6 7. O-O O-O 8. c4 c6 9. Re1 Bf5 10. Qb3 Na6 {C42: Petroff Defence: 3 Nxe5 and unusual White 3rd moves} (10... Qd7 11. Nc3 Nxc3 12. Bxf5 Qxf5 13. bxc3 b6 14. cxd5 cxd5 15. Qb5 Qd7 16. Rb1 Rc8 17. g3 Bf8 18. Bd2 {½-½ (51) Vachier Lagrave,M (2796)-Caruana,F (2808) Stavanger 2017}) 11. cxd5 cxd5 12. Nc3 Nb4 {LiveBook: 4 Games. The position is equal.} 13. Bxe4 dxe4 14. Nxe4 {aiming for Bg5.} Be6 15. Qd1 Rc8 {next ...Nc2 is good for Black.} 16. Bg5 ({Reject} 16. Nxd6 Qxd6 17. Re2 Bg4 $15) 16... Qd7 $146 ({Find the theoretical novelty and annotate with similar games:} 16... Qb6 17. Re2 h6 18. Bh4 {½-½ (31) Sherwood,R (2169)-Sukhanitskij,S (1989) LSS email 2012}) 17. Re2 (17. Nc5 $5 Bxc5 18. dxc5 $14) 17... f6 18. Nxd6 (18. Bd2 {is interesting.} Nd5 19. Nxd6 Qxd6 20. Re1 Qd7 21. b3) 18... Qxd6 19. Bf4 Qd7 20. a3 Nc6 21. Rc1 Bd5 22. Rd2 Rfe8 (22... Qf5 $5 {[%cal Rf5f4]} 23. Bg3 Na5 $11) 23. h3 Bxf3 24. gxf3 Qxh3 25. d5 Ne5 26. Rxc8 Qxc8 27. d6 Qd7 28. Kg2 Ng6 29. Bg3 Nf8 30. Rc2 $36 {[%mdl 2048] White has good play.} Ne6 31. Qd5 {Hoping for Rc7.} Kf8 $2 (31... Kh8 $14) 32. Qf5 $1 $18 {Strongly threatening Rc7!} Rc8 {[#]} 33. Rc7 $1 {[%cal Rc7d7][%mdl 512]} Rxc7 34. dxc7 h6 35. Qc2 Qc8 36. Qd3 Kf7 37. Qd5 g5 (37... Ke8 {is a better defense.} 38. Qb5+ Kf7 39. Qh5+ Kg8) 38. a4 h5 (38... Ke8 {keeps fighting.} 39. Qd3 f5) 39. b4 {[%cal Bb2b4,Bb4a5][%mdl 32]} h4 40. Bd6 b6 41. a5 bxa5 42. bxa5 a6 43. Qb3 {Qb8 is the strong threat.} Ke8 44. Qa4+ Kf7 45. Qc4 Ke8 46. Qc6+ Kf7 47. Kh2 Nd4 48. Qd5+ Ne6 49. Qf5 Qd7 (49... Kg7 $142 50. f4 Qd7) 50. Kg1 Qc8 51. Be5 (51. Qh7+ $142 Ng7 {[#]} 52. Bf8 $1 {[%mdl 512]} Qxf8 53. Qd3) 51... Ke7 52. Qh7+ Ke8 53. Bd6 {Precision: White = 76%, Black = 31%.} 1-0

[Event "FIDE World Cup 2017"]
[Site "Tbilisi"]
[Date "2017.09.05"]
[Round "1.3"]
[White "Yu, Yangyi"]
[Black "Pourramezanali, Amirreza"]
[Result "1-0"]
[WhiteElo "2750"]
[BlackElo "2534"]
[Annotator "TA"]
[PlyCount "137"]
[EventDate "2017.??.??"]
[EventType "k.o."]
[EventCountry "GEO"]
[SourceTitle "playchess.com"]
[Source "ChessBase"]
[SourceQuality "1"]

{[%evp 16,137,19,14,26,21,29,25,35,27,43,40,46,49,42,46,67,58,51,62,48,56,49,53,58,50,55,45,64,64,74,74,74,61,73,73,73,73,73,73,81,81,81,81,145,77,93,93,93,93,105,105,105,105,125,119,136,135,287,279,272,261,249,216,818,730,778,706,757,686,812,753,1164,1028,1322,1404,1217,1145,1819,1712,977,12824,12718,12851,29950,29952,29955,29956,29955,29956,29954,29945,12427,6274,29968,29969,29970,29971,29971,29971,29972,29971,29971,29967,29967,29969,29969,29969,29971,29973,29974,29975,29975,29975,29975,29975,29983,29982,29982,29983,29991,29987,29987,29988]} 1. Nf3 d5 2. g3 Bg4 3. Bg2 Nd7 4. O-O c6 5. h3 Bh5 (5... Bxf3 6. Bxf3 Ngf6 7. d3 e5 8. e4 Bc5 9. Nc3 dxe4 10. Nxe4 Nxe4 11. dxe4 O-O 12. Qe2 Qe7 {½-½ (71) Ding,L (2781)-Yu,Y (2753) Danzhou 2017}) 6. d4 {A07: Réti Opening: New York and Capablanca Systems} e6 7. c4 Ngf6 8. cxd5 cxd5 9. Nc3 {LiveBook: 7 Games} Be7 10. Qb3 Bxf3 11. Bxf3 Qb6 12. e4 dxe4 13. Nxe4 {[#]} O-O $146 ({Find the theoretical novelty and annotate with similar games:} 13... Nd5) 14. Nxf6+ Bxf6 15. Be3 Rab8 16. d5 Qxb3 17. axb3 a6 18. dxe6 fxe6 19. Rad1 Ne5 20. Be4 Nc6 21. Rd7 Bxb2 22. Rfd1 e5 23. Bc5 Rfe8 24. b4 Bd4 25. Bd5+ Kh8 26. Rxb7 Rxb7 27. Bxc6 Rbb8 {...Rec8 is the strong threat.} 28. Bxe8 ({Don't blunder} 28. Bxd4 $2 Red8 $19) 28... Rxe8 29. Bxd4 $16 {[%mdl 4096] Endgame KRB-KR} Rd8 (29... exd4 $142 30. Rxd4 Kg8) 30. Kf1 ({Better is} 30. Ra1 exd4 31. Kf1 (31. Rxa6 d3 $16)) 30... h6 31. Ke2 exd4 {KR-KR} 32. Kd3 Kh7 33. Rd2 g5 34. Kc4 Rf8 35. Kxd4 h5 36. Kc5 Rc8+ $2 (36... Rf5+ $16 37. Rd5 Rxf2) 37. Kb6 $18 Rb8+ 38. Ka5 $1 ({Not} 38. Kxa6 Rxb4 39. Rc2 Rb3 $11) 38... Rb5+ 39. Ka4 $1 Rf5 $2 {[#]} (39... Rb6 40. Rd4 Kg6) 40. Rd7+ $1 Kg8 {[#]} 41. Rd6 $1 {[%cal Rd6a6]} Kf7 42. Rxa6 Rxf2 {Black hopes to continue with ...Ra2+.} 43. b5 {[%cal Bb4b5,Bb5b6][%mdl 32]} Ke7 44. Rg6 Rh2 45. b6 Kd7 46. Kb5 h4 47. Rxg5 hxg3 48. Rxg3 (48. Ka6 $142 Ra2+ 49. Kb7) 48... Kc8 49. Rb3 Kb7 50. Kc5 Rd2 51. h4 Rh2 52. Rb4 Rd2 53. Rd4 Rc2+ 54. Kd6 Kxb6 55. h5 {White mates.} Rh2 56. Rd5 Rh1 57. Kd7 Kb7 58. Rb5+ Ka6 59. Kc6 Rh2 60. Rg5 Rc2+ 61. Kd7 Kb7 62. h6 {[%cal Bh5h6,Bh6h7][%mdl 32]} Rh2 63. Rg6 Rd2+ 64. Ke8 Kc7 65. Rg7+ Kc8 66. h7 Rd8+ 67. Kf7 Rd7+ 68. Kg6 Rd6+ 69. Kh5 {Precision: White = 78%, Black = 39%.} 1-0

[Event "FIDE World Cup 2017"]
[Site "Tbilisi"]
[Date "2017.09.05"]
[Round "1.3"]
[White "Wei, Yi"]
[Black "Sambuev, Bator"]
[Result "1-0"]
[WhiteElo "2748"]
[BlackElo "2529"]
[Annotator "TA"]
[PlyCount "77"]
[EventDate "2017.??.??"]
[EventType "k.o."]
[EventCountry "GEO"]
[SourceTitle "playchess.com"]
[Source "ChessBase"]
[SourceQuality "1"]

{[%evp 17,77,-14,-10,-26,215,212,424,407,423,410,423,395,495,481,572,456,483,475,484,484,472,468,425,438,513,520,502,527,513,505,596,593,535,511,632,629,833,723,716,701,798,497,743,710,719,649,742,726,1718,1774,2382,2085,5517,6991,29949,6627,6170,5964,5593,657,5246,5359]} 1. Nf3 d5 2. c4 e6 3. d4 c6 4. g3 dxc4 5. Bg2 b5 6. Ne5 Bb7 7. O-O a6 8. Nc3 Bb4 9. a4 Ne7 {LiveBook: 3 Games. D31: Queen's Gambit Declined: Semi-Slav without ...Nf6 (+ Marshall Gambit and Noteboom) and Exchange Variation lines without ...Nf6} 10. Ne4 Nd7 $146 {[#]} (10... f6 $11 {and Black is okay.} 11. Nf3 O-O) ({Find the theoretical novelty and annotate with similar games:} 10... O-O 11. Bd2 c5 12. dxc5 Bxd2 13. Qxd2 Qxd2 14. Nxd2 Bxg2 15. Kxg2 Nbc6 16. Nxc6 Nxc6 17. axb5 axb5 {1-0 (62) Bruzon Batista,L (2691)-Vera Gonzalez Quevedo,R (2482) Guarenas 2012}) 11. Bd2 $1 $18 {[%cal Rd2b4]} Bxd2 $2 (11... f5 12. Bxb4 fxe4 13. Nxd7 (13. Bxe4 Nxe5 14. dxe5 Qxd1 $16) 13... Qxd7 14. Bxe4 O-O) 12. Nd6+ Kf8 13. Nexf7 (13. Nxb7 Qc7 $18) (13. Qxd2 Nxe5 14. Nxb7 (14. dxe5 Nc8 $16) 14... Qb6 $16) 13... Qc7 {Strongly threatening ...Bb4.} 14. Qxd2 ({Not} 14. Nxh8 Qxd6 15. Qxd2 Rb8 $11) 14... Nc8 15. Qf4 ({Weaker is} 15. Nxh8 Qxd6 16. Qg5 Kg8 $18) 15... Nf6 16. Nxc8 Qxf4 17. gxf4 Rxc8 18. Nxh8 Nd5 19. axb5 cxb5 20. f5 Re8 21. Rfc1 exf5 22. Bxd5 Bxd5 23. Rxa6 Rxe2 24. Rd6 Bf3 25. Ra1 b4 26. d5 c3 27. bxc3 b3 28. Rd7 Re8 29. Rf7+ Kg8 {[#]} 30. Re7 $3 {[%cal Re7e8][%mdl 512]} Rd8 (30... Rxe7 31. Ra8+) 31. c4 Be4 32. Rb7 Bc2 33. Nf7 Rf8 34. Ng5 Rc8 35. Raa7 f4 36. Rxg7+ (36. d6 $142 Bf5 37. Rxg7+ Kh8 38. d7 Rd8 39. Nf7+ Kxg7 40. Nxd8 Bxd7 41. Rxd7+ Kf8 42. Rxh7) 36... Kh8 {White is clearly winning.} 37. Rxh7+ Bxh7 38. Rxh7+ Kg8 39. Rb7 1-0

[Event "FIDE World Cup 2017"]
[Site "Tbilisi"]
[Date "2017.09.05"]
[Round "1.3"]
[White "Adams, Michael"]
[Black "Batchuluun, Tsegmed"]
[Result "1-0"]
[WhiteElo "2738"]
[BlackElo "2566"]
[Annotator "TA"]
[PlyCount "63"]
[EventDate "2017.??.??"]
[EventType "k.o."]
[EventCountry "GEO"]
[SourceTitle "playchess.com"]
[Source "ChessBase"]
[SourceQuality "1"]

{[%evp 23,63,7,20,0,0,0,43,52,29,29,51,52,50,50,58,62,66,10,34,32,20,34,56,52,62,38,45,52,44,26,30,21,28,32,36,8,8,0,825,816,786,778]} 1. e4 e5 2. Nf3 Nc6 3. Bb5 Nf6 4. O-O Nxe4 5. d4 Nd6 6. Bxc6 dxc6 7. dxe5 Nf5 8. Qxd8+ Kxd8 9. h3 h5 {C67: Ruy Lopez: Berlin Defence: 4 0-0 Nxe4} 10. Nc3 Ke8 11. Ne2 (11. Bf4 Be7 12. Rad1 Be6 13. Ng5 Rh6 14. Rfe1 Bb4 15. g4 hxg4 16. hxg4 Ne7 17. Nxe6 Rxe6 18. Kg2 Bxc3 19. bxc3 {½-½ (45) Vachier Lagrave,M (2791)-Karjakin,S (2773) Saint Louis 2017}) 11... b6 12. Rd1 Be7 {LiveBook: 9 Games} 13. a4 a5 14. Bf4 c5 15. e6 $146 ({Predecessor:} 15. Nc3 c6 16. Rd2 Be6 17. Rad1 Rd8 18. Rxd8+ Bxd8 19. Rd2 f6 20. exf6 gxf6 {0-1 (67) Quesada Perez,Y (2401)-Otero Acosta,D (2440) Santa Clara 2011}) 15... Bxe6 16. Bxc7 Bd8 17. Bxd8 Rxd8 18. Nf4 Ke7 19. Ne5 Kf6 20. Nxe6 (20. Rxd8 $14 Rxd8 21. Re1) 20... Rxd1+ $11 21. Rxd1 Kxe5 $14 {[%mdl 4096] Endgame KRN-KRN} 22. Nc7 Rc8 23. Rd7 Kf6 24. Kf1 ({Don't play} 24. Nd5+ $6 Ke6 $11) 24... g5 25. c3 g4 26. hxg4 hxg4 27. g3 Rh8 28. Kg2 Rb8 29. c4 Ke5 30. Nb5 f6 $2 {[%mdl 8192] [#]} (30... Ke6 $11 31. Rd2 Kf6) 31. Rd5+ $18 Ke6 32. Nc7+ {Precision: White = 58%, Black = 50%.} 1-0

[Event "FIDE World Cup 2017"]
[Site "Tbilisi"]
[Date "2017.09.05"]
[Round "1.3"]
[White "Fedoseev, Vladimir"]
[Black "Bacallao Alonso, Yusnel"]
[Result "1-0"]
[WhiteElo "2731"]
[BlackElo "2573"]
[Annotator "TA"]
[PlyCount "49"]
[EventDate "2017.??.??"]
[EventType "k.o."]
[EventCountry "GEO"]
[SourceTitle "playchess.com"]
[Source "ChessBase"]
[SourceQuality "1"]

{[%evp 18,49,41,28,53,56,81,37,76,58,62,70,51,55,102,95,95,98,96,31,100,40,100,106,96,39,105,98,81,76,400,379,749,741]} 1. e4 c6 2. d4 d5 3. exd5 cxd5 4. Bd3 Nc6 5. c3 Qc7 6. Ne2 Bg4 7. O-O {B13: Caro-Kann: Exchange Variation and Panov-Botvinnik Attack} e6 8. Qe1 Bxe2 9. Qxe2 Bd6 10. g3 {LiveBook: 4 Games} Nge7 $146 ({Find the theoretical novelty and annotate with similar games:} 10... h5 11. Nd2 h4 12. Nf3 hxg3 13. hxg3 O-O-O 14. Bd2 Qd7 {½-½ (78) Alekseev,E (2614)-Shimanov,A (2646) St Petersburg 2017}) 11. Nd2 O-O-O 12. f4 Nf5 13. Nf3 h5 14. Bd2 Kb8 15. b4 Rhe8 16. a4 {[%cal Ba2a4,Ba4a5,Ba5a6][%mdl 32]} f6 17. a5 g6 18. Rae1 ({Better is} 18. a6 $16) 18... Re7 (18... a6 $1 $14) 19. Qf2 (19. a6 $16) 19... Rc8 (19... a6 $1 $14) 20. a6 $16 b6 21. Ne5 (21. Re2 $16) 21... Rg8 {[#]} ({But not} 21... Nxe5 $2 22. fxe5 fxe5 23. dxe5 $18) (21... Bxe5 $14 22. fxe5 fxe5) 22. Nxg6 $1 {[%mdl 512]} Rxg6 {[#]} 23. Rxe6 $1 {[%mdl 512]} Nh4 $2 {[%mdl 8192]} (23... Rxe6 $2 {is the wrong capture.} 24. Bxf5 Rxg3+ 25. hxg3 $18) (23... Ng7 $16 24. Rxd6 Qxd6) 24. Bxg6 $18 Nxg6 $2 (24... Rxe6 25. gxh4 Ne7 26. Bxh5 f5) 25. Rxf6 {Precision: White = 55%, Black = 25%.} 1-0

[Event "FIDE World Cup 2017"]
[Site "Tbilisi"]
[Date "2017.09.05"]
[Round "1.3"]
[White "Bacrot, Etienne"]
[Black "Fier, Alexandr"]
[Result "1-0"]
[WhiteElo "2728"]
[BlackElo "2569"]
[Annotator "TA"]
[PlyCount "227"]
[EventDate "2017.??.??"]
[EventType "k.o."]
[EventCountry "GEO"]
[SourceTitle "playchess.com"]
[Source "ChessBase"]
[SourceQuality "1"]

{[%evp 18,227,38,27,50,16,16,16,15,16,26,6,8,3,2,0,0,0,6,0,5,0,13,8,25,5,16,0,31,18,13,0,12,19,13,-8,-7,-17,-7,-47,-48,-104,-104,-104,-104,-218,-92,-196,-195,-196,-91,-120,-122,-129,-129,-129,-122,-132,-132,-131,-117,-118,-95,-82,-19,-21,0,-2,0,0,0,0,0,0,0,0,0,0,0,0,0,0,0,0,0,0,0,-3,10,10,10,10,19,19,24,9,22,20,22,0,0,0,8,0,0,0,0,0,0,0,0,0,0,0,0,0,0,0,0,0,0,0,0,0,0,0,0,0,0,0,0,0,0,0,0,0,0,0,0,0,0,0,0,0,0,0,0,0,0,0,0,0,0,0,0,0,0,0,0,0,0,0,0,0,0,0,0,0,0,0,12844,12844,12848,12848,12849,12849,12850,12850,12850,29981,12851,29980,12851,29981,12851,12851,12851,29979,12851,29978,12851,29981,12851,29982,12851,29981,12851,29988,12851,29986,12851,12851,12851,29984,12851,29985,12851,29984,12851,29991,29991,29992]} 1. e4 c6 2. d4 d5 3. exd5 cxd5 4. Bd3 Nc6 5. c3 Nf6 6. Bf4 Bg4 7. Qb3 Na5 8. Qa4+ Bd7 9. Qc2 e6 10. Nf3 Qb6 {B13: Caro-Kann: Exchange Variation and Panov-Botvinnik Attack} 11. O-O (11. a4 {seems wilder.} Rc8 12. O-O Nc4 13. Ra2 Bd6 14. Be5) 11... Bb5 (11... Bd6 12. Bxd6 Qxd6 13. Ne5 Rc8 14. Qe2 O-O 15. Nd2 Rb8 16. f4 b5 17. Rf3 Nc4 18. Rh3 {1-0 (44) Lomasov,S (2335)-Nazarenus,M (2217) Moscow 2015}) 12. Bxb5+ Qxb5 {The position is equal.} 13. Nbd2 Be7 14. Rae1 Rc8 15. Ne5 $146 ({Predecessor:} 15. Bg5 Nc4 16. Nxc4 Qxc4 17. Qb1 O-O 18. Ne5 {1-0 (40) Caruso,D (2145)-Griffa,R Bratto 1996}) 15... Nc6 16. Qb1 (16. Nxc6 {feels hotter.} bxc6 17. a4 Qb6 18. a5 Qxa5 19. Ra1) 16... Nxe5 17. Bxe5 O-O 18. Re3 g6 19. Bf4 Rfe8 20. Rfe1 Bf8 {[%cal Be7f8,Bf8g7,Bg7f6][%mdl 32]} (20... Nh5 $5 {[%cal Rh5f4]} 21. Bh6 Bd6 $11) 21. h4 Nh5 22. Bg5 Bg7 23. g4 Nf6 24. Bxf6 Bxf6 25. g5 Bg7 26. f4 Qd7 27. Nf3 b5 28. b4 {[#]} (28. h5 $5) 28... a5 $1 {[%mdl 512]} 29. bxa5 (29. a3 $15) 29... Qc7 $17 30. Ne5 Qxa5 31. Qb3 (31. Qb2 $17) 31... Rc7 (31... Bxe5 $1 $19 32. fxe5 Rc4) 32. Rf1 (32. Rb1 $17) 32... Rec8 33. Rff3 {[#]} Qa4 (33... Bxe5 $1 $19 34. fxe5 Rc4) 34. Qxa4 bxa4 35. Kf1 Rb8 36. Ng4 Rb1+ 37. Re1 Rb2 38. Re2 a3 39. Rd3 Rcb7 40. Rd1 Kf8 ({Black should play} 40... f5 $17 41. gxf6 h5) 41. Ke1 $11 Ke7 42. Nf2 Rxe2+ 43. Kxe2 {[%mdl 4096] Endgame KRB-KRN} Rb2+ 44. Rd2 Rb1 45. Rd1 $1 {[%cal Rd1b1]} Rb2+ 46. Rd2 h6 47. Nd3 Rb8 48. Rd1 f6 49. Rg1 Kf7 50. Kd2 hxg5 51. hxg5 Rh8 52. Kc2 Rh3 53. gxf6 Kxf6 54. Ne5 Kf5 55. Nxg6 Bf6 56. Rg2 Bd8 57. Ne5 Kxf4 58. Rf2+ Ke4 59. Re2+ Kf5 60. Nc6 Bg5 61. Re5+ Kf6 62. Nd8 (62. Re1 {is more complex.} Bf4 63. Ne5 Rh2+ 64. Kb3 Rh3 65. Rf1) 62... Re3 63. Rxe3 Bxe3 {KB-KN} 64. Nc6 Kf5 65. Kb3 Bc1 66. Nb4 Ke4 67. Na6 (67. Kc2 $5 {[%cal Rc2c1]} Bf4 68. Kb3 $11) 67... Kf5 68. Nc5 Bd2 69. Nd3 Ke4 70. Kc2 Bh6 71. Nc5+ Kf5 72. Nd7 Bf4 73. Kb3 Bd2 74. Ne5 Ke4 75. Nc6 Kd3 76. Nb4+ Ke4 77. Nc2 Kd3 78. Nb4+ Ke4 79. Kc2 Bh6 80. Nc6 Bf4 81. Kb3 Bd2 82. Na7 e5 83. dxe5 Kxe5 84. Nb5 Ke4 85. Kxa3 Bg5 86. Kb3 Ke5 87. a4 {[%cal Ba2a4,Ba4a5,Ba5a6][%mdl 32]} Ke6 88. Kb4 Be7+ 89. Ka5 Bd8+ $1 90. Ka6 Kd7 $1 91. a5 Kc8 $1 92. Nd4 {aiming for Kb5.} (92. c4 $5 dxc4 93. Nc3 $11) 92... Bh4 93. Kb6 {Hoping for Kc6.} Bd8+ $2 {[%mdl 8192]} (93... Be1 $11) 94. Kb5 $18 Kb7 95. a6+ Ka8 {[#]} 96. Ne6 $1 {[%cal Re6d8]} Bh4 97. Nc7+ Ka7 98. Nxd5 Bf2 99. c4 Bg1 100. Nb4 Bf2 101. Nc6+ Ka8 102. Ne7 (102. Ne5 $18 Bg3 103. Nc6) 102... Ka7 103. Nc8+ Kb8 104. Nd6 Ka7 105. Ne4 Be3 106. c5 {[%cal Bc4c5,Bc5c6][%mdl 32]} Bd4 107. c6 Be5 108. Nc5 Bg3 109. Ne4 Bh2 110. Nc3 Bg3 111. Nd5 Kb8 112. Kc5 (112. Nb6 $18 Bc7 113. Nd7+ Ka8 114. Nc5) 112... Kc8 113. a7 Bf2+ 114. Kd6 {Precision: White = 64%, Black = 61%.} 1-0

[Event "FIDE World Cup 2017"]
[Site "Tbilisi"]
[Date "2017.09.05"]
[Round "1.3"]
[White "Vallejo Pons, Francisco"]
[Black "Karthikeyan, Murali"]
[Result "1-0"]
[WhiteElo "2717"]
[BlackElo "2574"]
[Annotator "TA"]
[PlyCount "59"]
[EventDate "2017.??.??"]
[EventType "k.o."]
[EventCountry "GEO"]
[SourceTitle "playchess.com"]
[Source "ChessBase"]
[SourceQuality "1"]

{[%evp 19,59,10,22,17,20,17,32,32,34,33,35,23,45,43,53,34,62,40,50,11,51,52,60,60,53,52,84,87,118,118,124,116,158,150,164,116,120,122,143,150,712,707]} 1. d4 Nf6 2. c4 e6 3. Nf3 d5 4. g3 Bb4+ 5. Bd2 Be7 6. Bg2 O-O 7. O-O c6 8. Bf4 b6 9. Nc3 Bb7 10. Ne5 Nbd7 11. e4 {E16: Queen's Indian: 4 g3 Bb7 5 Bg2 Bb4+} dxe4 (11... Nxe5 12. dxe5 Nxe4 13. Nxe4 dxe4 14. Qg4 Qc7 15. Bxe4 Rfd8 16. Rad1 Rxd1 17. Rxd1 Rd8 18. Rxd8+ Qxd8 {½-½ (58) Melkumyan,H (2653)-Bosiocic,M (2607) Austria 2017}) 12. Nxe4 Nxe5 13. Nxf6+ {White is slightly better.} Bxf6 $146 ({Predecessor:} 13... gxf6 14. dxe5 Qxd1 15. Raxd1 Rfd8 16. exf6 Bxf6 17. b4 e5 18. Bh6 Rac8 {1-0 (47) Asabri,H (2235)-Mansour,A (2175) Beirut 2013}) 14. dxe5 Be7 15. h4 Qxd1 16. Rfxd1 Rfd8 17. a3 Kf8 18. b4 Ke8 19. Be4 h6 20. Be3 Rxd1+ 21. Rxd1 Rd8 22. Rc1 Rb8 23. c5 b5 24. a4 {Threatens to win with axb5.} bxa4 25. Ra1 a5 26. bxa5 {[%cal Bb4a5,Ba5a6][%mdl 32]} Kd7 27. Rxa4 {aiming for a6.} Ba6 28. h5 Rb3 29. Bg2 Bb5 $2 {[#]} (29... g5 $16) 30. a6 {Precision: White = 76%, Black = 18%.} 1-0

[Event "FIDE World Cup 2017"]
[Site "Tbilisi"]
[Date "2017.09.05"]
[Round "1.3"]
[White "Tomashevsky, Evgeny"]
[Black "Antipov, Mikhail Al"]
[Result "1-0"]
[WhiteElo "2710"]
[BlackElo "2578"]
[Annotator "TA"]
[PlyCount "99"]
[EventDate "2017.??.??"]
[EventType "k.o."]
[EventCountry "GEO"]
[SourceTitle "playchess.com"]
[Source "ChessBase"]
[SourceQuality "1"]

{[%evp 15,99,11,24,14,17,17,48,25,35,26,27,44,31,32,47,19,31,40,41,30,30,30,85,14,12,18,22,1,2,1,24,23,13,0,1,1,1,1,8,0,27,31,33,30,43,48,53,48,69,50,102,85,112,85,127,132,171,162,154,16,27,17,337,356,383,360,659,658,607,628,1075,871,1189,1094,1471,1446,1316,1065,1891,1763,2268,2139,29976,29977,29974,12634]} 1. d4 Nf6 2. c4 e6 3. Nf3 Bb4+ 4. Bd2 a5 5. e3 b6 6. Bd3 Bb7 7. Nc3 d6 {E11: Bogo-Indian} 8. O-O (8. Qc2 Nbd7 9. e4 e5 10. Nd5 c5 11. dxe5 Nxe5 12. Nxe5 dxe5 13. O-O Bxd2 14. Qxd2 O-O 15. Qc3 Qd6 16. Bc2 Rfd8 {½-½ (35) Fressinet,L (2700)-Grischuk,A (2764) Beijing 2012}) 8... Nbd7 {LiveBook: 7 Games} 9. Qe2 Bxc3 $146 {The position is equal.} ({Predecessor:} 9... O-O 10. e4 e5 11. d5 Nc5 12. Bc2 Qd7 13. h3 Ba6 14. Nh4 Bxc3 15. Bxc3 {0-1 (25) Torres,E (2230)-Smyslov,V (2550) Los Polvorines 1980}) 10. Bxc3 Be4 11. Nd2 {[%cal Bf3d2,Bd2f1,Bf1e3,Be3d5][%mdl 32]} Bxd3 12. Qxd3 Qe7 13. e4 e5 14. Rfe1 Nh5 15. Qf3 Qg5 16. Nf1 Nf4 17. Ne3 O-O 18. Rad1 Rfe8 (18... Rae8 $11) 19. Qg3 (19. dxe5 $16 Nxe5 20. Bxe5 dxe5 21. Rd7) 19... Qxg3 $11 20. hxg3 exd4 21. Bxd4 (21. gxf4 {feels hotter.} dxc3 22. Nd5 c2 23. Rc1 Rac8 24. Rxc2 f5 25. Rce2) 21... Ne6 22. Nd5 Ndc5 (22... Rac8 {is more complex.} 23. Bc3 a4 24. f3 f6 25. b4 axb3 26. axb3 Ra8) 23. b3 Nxd4 24. Rxd4 Rac8 25. Re3 f6 26. f3 Kf7 27. a3 c6 28. Nf4 Rcd8 29. Kf2 Ne6 30. Rd1 Re7 31. Ne2 Nc5 32. b4 Na4 (32... Ne6 $14) 33. Rb3 Rc7 34. g4 h6 35. Rd2 axb4 36. axb4 b5 {[#]} 37. c5 (37. cxb5 $1 $16 cxb5 38. Rd5) 37... Rcd7 38. Rbd3 $36 {[%mdl 2048] White is pushing.} d5 $2 {[%mdl 8192]} (38... Ke8 $1 $11 {and Black is okay.}) 39. exd5 $18 Rxd5 40. Rxd5 Rxd5 $2 {[#]} (40... cxd5 41. Nd4 Ra8) 41. Rxd5 cxd5 {[%mdl 4096] Endgame KN-KN} 42. Ke3 g5 43. Kd3 Nb2+ 44. Kd4 Nd1 45. Kxd5 Ne3+ 46. Kc6 Nxg2 47. Kxb5 Ne3 48. Kc6 f5 49. b5 fxg4 50. fxg4 {Precision: White = 60%, Black = 32%.} 1-0